Advanced accounts (Record no. 3791)

000 -LEADER
fixed length control field 00583nam a22002291 4500
001 - CONTROL NUMBER
control field 3791
003 - CONTROL NUMBER IDENTIFIER
control field BD-DhUET
008 - FIXED-LENGTH DATA ELEMENTS--GENERAL INFORMATION
fixed length control field 740123s1966 ii k 000 0 eng
020 ## - INTERNATIONAL STANDARD BOOK NUMBER
International Standard Book Number 8121902789
040 ## - CATALOGING SOURCE
Original cataloging agency DLC
Transcribing agency DLC
Modifying agency BD-DhUET
082 00 - DEWEY DECIMAL CLASSIFICATION NUMBER
Classification number 657
Item number SHU/1999
100 1# - MAIN ENTRY--PERSONAL NAME
Personal name Shukla, M. C.
245 10 - TITLE STATEMENT
Title Advanced accounts
Statement of responsibility, etc. by M. C. Shukla and T. S. Grewal
250 ## - EDITION STATEMENT
Edition statement 14th ed.
260 ## - PUBLICATION, DISTRIBUTION, ETC. (IMPRINT)
Place of publication, distribution, etc. New Delhi
Name of publisher, distributor, etc. S, chand
Date of publication, distribution, etc. 1999
300 ## - PHYSICAL DESCRIPTION
Extent v.p.
Other physical details ill.
Dimensions 25 cm.
504 ## - BIBLIOGRAPHY, ETC. NOTE
Bibliography, etc Includes bibliographies
650 #0 - SUBJECT ADDED ENTRY--TOPICAL TERM
Topical term or geographic name as entry element Accounting
700 ## - ADDED ENTRY--PERSONAL NAME
Personal name Grewal, T. S.
700 ## - ADDED ENTRY--PERSONAL NAME
Personal name Gupta, S. C.
942 ## - ADDED ENTRY ELEMENTS (KOHA)
Koha item type General Book
Holdings
Koha full call number Shelving location Koha date last seen Koha item type Location (home branch) Sublocation or collection (holding branch) Date acquired Copy number Damaged status Price effective from Lost status Koha normalized classification for sorting Not for loan Piece designation (barcode) Withdrawn status Source of classification or shelving scheme
657/SHU/1999Circulation section2014-11-05General BookCentral Library, BUETCentral Library, BUET2014-11-051 2014-11-05 657SHU1999 93656  
657/SHU/1999Circulation section2014-11-05General BookCentral Library, BUETCentral Library, BUET2014-11-052 2014-11-05 657SHU1999 93657  
657/SHU/1999Circulation section2014-11-05General BookCentral Library, BUETCentral Library, BUET2014-11-053 2014-11-05 657SHU1999 93658  
657/SHU/1999Circulation section2014-11-05General BookCentral Library, BUETCentral Library, BUET2014-11-054 2014-11-05 657SHU1999 93659  
657/SHU/1999Circulation section2014-11-05General BookCentral Library, BUETCentral Library, BUET2014-11-055 2014-11-05 657SHU1999 93660  
657/SHU/1999Circulation section2014-11-05General BookCentral Library, BUETCentral Library, BUET2014-11-056 2014-11-05 657_000000000000000_SHU_1999 93661  
657/SHU/1999Circulation section2014-11-05General BookCentral Library, BUETCentral Library, BUET2014-11-057 2014-11-05 657SHU1999 93662  
657/SHU/1999Circulation section2014-11-05General BookCentral Library, BUETCentral Library, BUET2014-11-058 2014-11-05 657_000000000000000_SHU_1999 93655  
657/SHU/1999Reading section2015-06-20Reading ItemCentral Library, BUETCentral Library, BUET2015-06-209 2015-06-20 657_000000000000000_SHU_1999 93654  
657/SHU/1999Reading section2015-06-20Reading ItemCentral Library, BUETCentral Library, BUET2015-06-2010 2015-06-20 657_000000000000000_SHU_1999 93653